000 00696nam a2200253Ia 4500
003 OSt
005 20220918164850.0
006 a|||||r|||| 00| 0
007 ta
008 220917b |||||||| |||| 00| 0 eng d
020 _a0803919727
024 _a249,293
037 _cTextual
040 _aARTS
_cARTS
_beng
041 _2eng
_aeng
082 _aR4,(X8), M3
100 _aClinard Marshall B
_921338
245 0 _aCorporate ethics and crime
_b The role of middle management
260 _aBeverly
_bHills Sage Publications USA
_c1983
300 _a189p.
_ccm.
650 _aSOCIOLOGY
942 _hR4,(X8), M3
_cTEXL
_2CC
999 _c127087
_d127087